00698nam a2200229Ia 4500008004000000041000800040082001200048100002000060245005200080260006200132300000700194650000800201650000900209650000700218650001100225650001700236650002000253690002400273906001100297999001900308952014100327210210b1953 xxu||||| |||| 00| 0 eng d aeng a320/276 aJENNINGS (Ivor) aSome characteristics of the Indian constitution aLondonbGeoffrey Cumberlege Oxford University Pressc1953 a86 athe aSome aof aIndian aconstitution acharacteristics aIndian Constitution a002024 c118081d118081 00102ddc40748Political ScienceaALbALcPolitical Scienced2021-02-17g0.00l0o320/276p002024r2021-02-17 00:00:00w2021-02-17yBK